00691nam a2200217 i 45000010005000000030009000050050017000140070003000310080041000340200018000750800013000931000029001062450055001352500012001902600040002023000026002426500023002688520045002919990015003369520122003517945ES-MaACL20230906145338.0t|910613s1991 xxk ||||1| eng d a0-7456-0923-6 a008"197"1 aGiddens, Anthony.95667214aThe Consequences of modernity / cAnthony Giddens. a1st ed. aCambridge : bPolity Press, c1991. aIX, 186 p. ; c22 cm.14aModernidad.915125 aES-MaACLjL-15273 bR.119431 z. - rust. c7945d7945 00104070aATENEOMbATENEOMcDEPO2d2008-01-17eSCl0oL-15273p1008102r2023-02-23 00:00:00w2023-02-23yMONOGRAFIA